Frimousse S., Bentaleb C. et Scouarnec A. (Coord.), 2016, Les défis du management au Maghreb. RH, RSE, marketing, stratégie, entreprenariat…, Introduction de Jacques Igalens, postface de Jean-Marie Peretti, Paris, Management & Prospective editions (notice n° 1633538)

détails MARC
000 -LEADER
fixed length control field 01958cam a2200169 4500500
005 - DATE AND TIME OF LATEST TRANSACTION
control field 20260111114814.0
041 ## - LANGUAGE CODE
Language code of text/sound track or separate title fre
042 ## - AUTHENTICATION CODE
Authentication code dc
100 10 - MAIN ENTRY--PERSONAL NAME
Personal name Bruna, Maria Giuseppina
Relator term author
245 00 - TITLE STATEMENT
Title Frimousse S., Bentaleb C. et Scouarnec A. (Coord.), 2016, Les défis du management au Maghreb. RH, RSE, marketing, stratégie, entreprenariat…, Introduction de Jacques Igalens, postface de Jean-Marie Peretti, Paris, Management & Prospective editions
260 ## - PUBLICATION, DISTRIBUTION, ETC.
Date of publication, distribution, etc. 2016.<br/>
500 ## - GENERAL NOTE
General note 59
520 ## - SUMMARY, ETC.
Summary, etc. Dans un contexte de carrière changeante, il apparait important pour les salariés de développer une identité de carrière pour mieux guider leur trajectoire professionnelle. Ce papier propose l’employabilité par les compétences comme un facteur qui pourrait influer favorablement sur l’identité de carrière d’un salarié. Il se base sur une étude empirique par questionnaire réalisée auprès de 264 salariés exerçant dans des entreprises de divers secteurs d’activités. Les résultats démontrent et discutent le rôle important joué par deux dimensions spécifiques de l’employabilité par les compétences dans la promotion de l’identité de carrière.
520 ## - SUMMARY, ETC.
Summary, etc. In a context of boundaryless career, it seems important for employees to develop a career identity to better guide their professional trajectory. This paper proposes competence-based approach to employability as a factor that could influence positively on career identity of an employee. It is based on an empirical questionnaire survey conducted among 264 employees working in companies from various sectors. Results show and discuss the important role of two specific dimensions of employability through skills in enhancing career identity.
786 0# - DATA SOURCE ENTRY
Note Question(s) de management | 14 | 3 | 2016-12-12 | p. 161a-162a | 2262-7030
856 41 - ELECTRONIC LOCATION AND ACCESS
Uniform Resource Identifier <a href="https://shs.cairn.info/revue-questions-de-management-2016-3-page-161a?lang=fr&redirect-ssocas=7080">https://shs.cairn.info/revue-questions-de-management-2016-3-page-161a?lang=fr&redirect-ssocas=7080</a>

Pas d'exemplaire disponible.

PLUDOC

PLUDOC est la plateforme unique et centralisée de gestion des bibliothèques physiques et numériques de Guinée administré par le CEDUST. Elle est la plus grande base de données de ressources documentaires pour les Étudiants, Enseignants chercheurs et Chercheurs de Guinée.

Adresse

627 919 101/664 919 101

25 boulevard du commerce
Kaloum, Conakry, Guinée

Réseaux sociaux

Powered by Netsen Group @ 2025